[Event "GBR-ch85"]
[Site "Torquay"]
[Date "1998.07.30"]
[Round "4.2"]
[White "Rowson, Jonathan"]
[Black "Sadler, Matthew D"]
[Result "0-1"]
[WhiteElo "2495"]
[BlackElo "2660"]
[PlyCount "68"]
[EventDate "1998.07.27"]
[EventType "swiss"]
[EventRounds "11"]
[EventCountry "GBR"]
[SourceTitle "BritBase"]
[Source "britbase.info"]
[SourceDate "2021.07.30"]
[SourceVersion "1"]
[SourceVersionDate "2021.07.30"]
[SourceQuality "1"]

1. e4 c5 2. Nc3 d6 3. Nf3 Nf6 4. d4 cxd4 5. Nxd4 a6 6. Be3 e5 7. Nf3 Be7 8. Bc4
O-O 9. O-O Be6 10. Qd3 Nc6 11. a3 Na5 12. Bxe6 fxe6 13. Na4 Re8 14. Rad1 b5 15.
Bb6 Qc8 16. Bxa5 bxa4 17. Rde1 Qc6 18. Nd2 Rac8 19. Bc3 Nd7 20. f4 exf4 21.
Rxf4 Bf6 22. Bxf6 Nxf6 23. c3 Qb6+ 24. Qd4 Qxb2 25. Nc4 Qb3 26. e5 dxe5 27.
Nxe5 Nd5 28. Qxa4 Qxc3 29. Rfe4 Qc5+ 30. Rd4 Nc3 31. Qb4 Qa7 32. Kh1 a5 33. Qd6
Nb5 34. Nc6 Qb7 0-1

[Event "GBR-ch85"]
[Site "Torquay"]
[Date "1998.07.30"]
[Round "4.4"]
[White "Miles, Anthony J"]
[Black "Gormally, Daniel"]
[Result "1/2-1/2"]
[WhiteElo "2590"]
[BlackElo "2400"]
[PlyCount "110"]
[EventDate "1998.07.27"]
[EventType "swiss"]
[EventRounds "11"]
[EventCountry "GBR"]
[SourceTitle "BritBase"]
[Source "britbase.info"]
[SourceDate "2021.07.30"]
[SourceVersion "1"]
[SourceVersionDate "2021.07.30"]
[SourceQuality "1"]

1. d4 Nf6 2. Nf3 g6 3. c3 Bg7 4. Bg5 O-O 5. Nbd2 d5 6. e3 Nbd7 7. Be2 e5 8. O-O
Re8 9. Nb3 c6 10. Rc1 h6 11. Bh4 Qe7 12. Re1 b6 13. c4 dxc4 14. Bxc4 Bb7 15.
Qc2 e4 16. Nfd2 Rac8 17. Be2 c5 18. dxc5 Nxc5 19. Nxc5 Rxc5 20. Qb1 Rec8 21. h3
Qe6 22. Rxc5 Rxc5 23. Nb3 Rc8 24. Nd4 Qe5 25. Bg3 Qe7 26. Nb5 Bd5 27. Rd1 a6
28. Nc3 Bb7 29. Rd6 b5 30. Qd1 Bc6 31. Rd2 Qe6 32. a3 Kh7 33. Rd6 Qe7 34. Na2
Ne8 35. Rd2 Be5 36. Bxe5 Qxe5 37. Nc3 Nf6 38. Rd4 Kg7 39. Bf1 Rc7 40. a4 bxa4
41. Nxa4 Bxa4 42. Qxa4 a5 43. Qd1 Rc5 44. Bc4 Qc7 45. Qa4 Qc6 46. Qxc6 Rxc6 47.
b3 Rc7 48. Kf1 Ra7 49. Ke1 h5 50. Kd2 Rc7 51. g3 Rc5 52. Kc3 Rf5 53. Rd2 Rc5
54. Kd4 Rf5 55. Ra2 Kf8 1/2-1/2

[Event "GBR-ch85"]
[Site "Torquay"]
[Date "1998.07.30"]
[Round "4.6"]
[White "Bates, Richard A"]
[Black "Hebden, Mark"]
[Result "0-1"]
[WhiteElo "2395"]
[BlackElo "2590"]
[PlyCount "78"]
[EventDate "1998.07.27"]
[EventType "swiss"]
[EventRounds "11"]
[EventCountry "GBR"]
[SourceTitle "BritBase"]
[Source "britbase.info"]
[SourceDate "2021.07.30"]
[SourceVersion "1"]
[SourceVersionDate "2021.07.30"]
[SourceQuality "1"]

1. d4 Nf6 2. Nf3 g6 3. g3 Bg7 4. Bg2 O-O 5. O-O d6 6. a4 a5 7. Re1 Nc6 8. d5
Nb4 9. Nc3 c6 10. e4 cxd5 11. exd5 Bf5 12. Nd4 Bg4 13. f3 Bd7 14. Ndb5 Rc8 15.
Be3 Bxb5 16. axb5 Nd7 17. Re2 Nb6 18. Bd4 Bxd4+ 19. Qxd4 Rc4 20. Qd2 Qc7 21.
Kh1 Rc5 22. f4 Nc4 23. Qc1 Nxb2 24. b6 Qc8 25. Qxb2 Rxc3 26. Rxa5 Qc4 27. Re4
Rxc2 28. Rxc4 Rxb2 29. Rb5 Rb1+ 30. Bf1 Rxf1+ 31. Kg2 Nxd5 32. Rxd5 Rb1 33. Rc7
Rxb6 34. Rxe7 Rc8 35. f5 Rc2+ 36. Kh3 Kg7 37. Rd7 Rbb2 38. Kg4 Rb4+ 39. Kf3
Rb3+ 0-1

[Event "GBR-ch85"]
[Site "Torquay"]
[Date "1998.07.30"]
[Round "4.7"]
[White "Ward, Christopher G"]
[Black "Houska, Miroslav"]
[Result "1/2-1/2"]
[WhiteElo "2505"]
[BlackElo "2375"]
[PlyCount "58"]
[EventDate "1998.07.27"]
[EventType "swiss"]
[EventRounds "11"]
[EventCountry "GBR"]
[SourceTitle "BritBase"]
[Source "britbase.info"]
[SourceDate "2021.07.30"]
[SourceVersion "1"]
[SourceVersionDate "2021.07.30"]
[SourceQuality "1"]

1. d4 e6 2. e4 d5 3. e5 c5 4. c3 Bd7 5. Nf3 Qb6 6. Na3 cxd4 7. cxd4 Nc6 8. Be2
Bb4+ 9. Kf1 Bxa3 10. bxa3 Nge7 11. Qd3 Na5 12. Rb1 Qc7 13. Bd2 Nc4 14. g3 Nxd2+
15. Qxd2 O-O 16. Kg2 f5 17. exf6 gxf6 18. Bd3 Nc6 19. Rhe1 Rae8 20. Qh6 Re7 21.
Kg1 Be8 22. Bc2 Qd6 23. Re3 Rg7 24. Rbe1 Bd7 25. Ba4 Nd8 26. Bxd7 Rxd7 27. Nh4
Qb6 28. Qf4 Qc7 29. Qh6 Qb6 1/2-1/2

[Event "GBR-ch85"]
[Site "Torquay"]
[Date "1998.07.30"]
[Round "4.8"]
[White "Wall, Gavin"]
[Black "Arkell, Keith C"]
[Result "0-1"]
[WhiteElo "2355"]
[BlackElo "2475"]
[PlyCount "100"]
[EventDate "1998.07.27"]
[EventType "swiss"]
[EventRounds "11"]
[EventCountry "GBR"]
[SourceTitle "BritBase"]
[Source "britbase.info"]
[SourceDate "2021.07.30"]
[SourceVersion "1"]
[SourceVersionDate "2021.07.30"]
[SourceQuality "1"]

1. d4 Nf6 2. Nf3 e6 3. Bf4 c5 4. e3 cxd4 5. exd4 Be7 6. Bd3 O-O 7. O-O d6 8. c4
Nbd7 9. Nc3 Nh5 10. Bd2 g6 11. Re1 Re8 12. b4 Ndf6 13. Qb3 a5 14. bxa5 Rxa5 15.
Na4 Ra7 16. Nb6 Nd7 17. Nxc8 Qxc8 18. Be3 b6 19. Ng5 Nhf6 20. Ne4 Nxe4 21. Bxe4
Qc7 22. a4 Rc8 23. Rec1 Bf6 24. Rab1 Rb8 25. Qd1 Kg7 26. Rb5 Ra5 27. Bf3 Qa7
28. Rxa5 Qxa5 29. Bc6 Rd8 30. Rb1 Qc3 31. Bb5 e5 32. dxe5 Bxe5 33. Rb3 Qa5 34.
Bxd7 Rxd7 35. Rb5 Qc3 36. Rxb6 Qxc4 37. Qb3 Qe2 38. g3 Rc7 39. a5 Qe1+ 40. Kg2
Qxa5 41. h4 Qa8+ 42. Kh2 Rc3 43. Qd1 Qe4 44. Kh3 Rd3 45. Qc1 h5 46. Rb8 Qf3 47.
Bh6+ Kh7 48. Bf8 Qxg3+ 49. fxg3 Rxg3+ 50. Kh2 Rc3+ 0-1

[Event "GBR-ch85"]
[Site "Torquay"]
[Date "1998.07.30"]
[Round "4.9"]
[White "Lalic, Susan"]
[Black "Summerscale, Aaron"]
[Result "1/2-1/2"]
[WhiteElo "2350"]
[BlackElo "2455"]
[PlyCount "143"]
[EventDate "1998.07.27"]
[EventType "swiss"]
[EventRounds "11"]
[EventCountry "GBR"]
[SourceTitle "BritBase"]
[Source "britbase.info"]
[SourceDate "2021.07.30"]
[SourceVersion "1"]
[SourceVersionDate "2021.07.30"]
[SourceQuality "1"]

1. e4 c5 2. Nf3 d6 3. c3 Nf6 4. Be2 Nbd7 5. d3 c4 6. d4 Nxe4 7. Bxc4 e6 8. Nbd2
Nxd2 9. Bxd2 Be7 10. O-O O-O 11. Bd3 b6 12. Qc2 g6 13. Bh6 Re8 14. Rfe1 Bf8 15.
Qd2 Bb7 16. Be4 Bxe4 17. Rxe4 Bxh6 18. Qxh6 Qf6 19. Rae1 Qg7 20. Qf4 Nf6 21.
R4e2 Rad8 22. c4 Nh5 23. Qh4 Rc8 24. b3 Qf6 25. Qxf6 Nxf6 26. Rc2 Rc7 27. Rec1
Rec8 28. Kf1 Kf8 29. g3 b5 30. Ke2 Nd5 31. a3 bxc4 32. Rxc4 Rxc4 33. Rxc4 Rb8
34. Nd2 Ke7 35. Kd3 Kd7 36. b4 Nc7 37. Rc1 a6 38. Nc4 f6 39. Na5 Rb6 40. Rb1
Rb8 41. f4 h5 42. a4 h4 43. Rb3 h3 44. Rb2 Nd5 45. b5 axb5 46. axb5 Nb6 47. Nc4
Nxc4 48. Kxc4 Ra8 49. b6 Kc6 50. b7 d5+ 51. Kd3 Rb8 52. Re2 Kd6 53. Rb2 Kc7 54.
Re2 Rxb7 55. Rxe6 Rb2 56. Rxf6 Rxh2 57. Ke3 Rh1 58. Rf7+ Kc6 59. Rh7 Kb5 60. g4
h2 61. Kf2 Kc4 62. f5 Rg1 63. Rxh2 Rxg4 64. fxg6 Rxg6 65. Ke2 Rg4 66. Kd2 Rxd4+
67. Kc2 Rg4 68. Rh3 d4 69. Kd2 Rg2+ 70. Kd1 Rb2 71. Rg3 Rb3 72. Rxb3 1/2-1/2

[Event "GBR-ch85"]
[Site "Torquay"]
[Date "1998.07.30"]
[Round "4.10"]
[White "Thipsay, Praveen"]
[Black "Osborne, Marcus E"]
[Result "1-0"]
[WhiteElo "2450"]
[BlackElo "2205"]
[PlyCount "35"]
[EventDate "1998.07.27"]
[EventType "swiss"]
[EventRounds "11"]
[EventCountry "GBR"]
[SourceTitle "BritBase"]
[Source "britbase.info"]
[SourceDate "2021.07.30"]
[SourceVersion "1"]
[SourceVersionDate "2021.07.30"]
[SourceQuality "1"]

1. e4 e5 2. Nf3 d6 3. d4 exd4 4. Qxd4 Nf6 5. Nc3 Be7 6. Bf4 O-O 7. Bc4 Nc6 8.
Qd2 Bg4 9. h3 Bxf3 10. gxf3 Ne5 11. Be2 Nfd7 12. Be3 Nb6 13. O-O-O c6 14. Rhg1
Bf6 15. Qxd6 Nec4 16. Bxc4 Qxd6 17. Rxd6 Be7 18. Bxb6 1-0

[Event "GBR-ch85"]
[Site "Torquay"]
[Date "1998.07.30"]
[Round "4.11"]
[White "Martin, Andrew D"]
[Black "Knott, Simon"]
[Result "0-1"]
[WhiteElo "2445"]
[BlackElo "2340"]
[PlyCount "77"]
[EventDate "1998.07.27"]
[EventType "swiss"]
[EventRounds "11"]
[EventCountry "GBR"]
[SourceTitle "BritBase"]
[Source "britbase.info"]
[SourceDate "2021.07.30"]
[SourceVersion "1"]
[SourceVersionDate "2021.07.30"]
[SourceQuality "1"]

1. b3 Nf6 2. Bb2 g6 3. Nf3 Bg7 4. e3 O-O 5. c4 d6 6. Be2 e5 7. d4 e4 8. Nfd2 c5
9. d5 h5 10. Nc3 Re8 11. Qc2 Na6 12. a3 Bf5 13. h3 h4 14. g4 hxg3 15. fxg3 g5
16. g4 Bg6 17. O-O Nb8 18. Rf2 Nbd7 19. Raf1 Qe7 20. b4 b6 21. Re1 Ne5 22. bxc5
bxc5 23. Nf1 Nd3 24. Bxd3 exd3 25. Qd1 Nd7 26. Ba1 Ne5 27. Nd2 Reb8 28. Ref1
Rb7 29. Nce4 Bxe4 30. Nxe4 Rab8 31. Rf5 Rb1 32. Qxb1 Rxb1 33. Rxb1 Nf3+ 34.
Rxf3 Qxe4 35. Rb8+ Kh7 36. Rxf7 Qxe3+ 37. Kg2 Qe2+ 38. Kg1 Qe1+ 39. Kg2 0-1

[Event "GBR-ch85"]
[Site "Torquay"]
[Date "1998.07.30"]
[Round "4.12"]
[White "Hinks-Edwards, Thomas"]
[Black "Levitt, Jonathan P"]
[Result "0-1"]
[WhiteElo "2315"]
[BlackElo "2430"]
[PlyCount "56"]
[EventDate "1998.07.27"]
[EventType "swiss"]
[EventRounds "11"]
[EventCountry "GBR"]
[SourceTitle "BritBase Aug 2004"]

1. e4 e6 2. d4 d5 3. Nc3 Bb4 4. e5 c5 5. Bd2 Ne7 6. dxc5 Nbc6 7. Qg4 O-O 8. Nf3
f6 9. Bd3 fxe5 10. Nxe5 Bxc5 11. Bh6 Bxf2+ 12. Kd1 Nf5 13. Bxf5 Qf6 14. Nxc6
bxc6 15. Bxg7 Qxf5 16. Qxf5 Rxf5 17. Bh6 e5 18. g4 Rf6 19. g5 Bg4+ 20. Kd2 Rf4
21. b3 Bf3 22. Rhf1 Bg2 23. Ne2 Be3+ 24. Kxe3 Rxf1 25. Rxf1 Bxf1 26. Ng3 Bh3
27. Nh5 Kf7 28. Nf6 Bf5 0-1

[Event "GBR-ch85"]
[Site "Torquay"]
[Date "1998.07.30"]
[Round "4.13"]
[White "Conquest, Stuart"]
[Black "Pert, Richard G"]
[Result "1/2-1/2"]
[WhiteElo "2490"]
[BlackElo "2240"]
[PlyCount "32"]
[EventDate "1998.07.27"]
[EventType "swiss"]
[EventRounds "11"]
[EventCountry "GBR"]
[SourceTitle "BritBase"]
[Source "britbase.info"]
[SourceDate "2021.07.30"]
[SourceVersion "1"]
[SourceVersionDate "2021.07.30"]
[SourceQuality "1"]

1. c4 e6 2. g3 d5 3. Bg2 Nf6 4. Nf3 Be7 5. O-O c5 6. d4 O-O 7. dxc5 dxc4 8. Qc2
Qa5 9. e4 Qxc5 10. Be3 Qc7 11. Bf4 Qc5 12. Nbd2 Nc6 13. e5 Nd5 14. Ne4 Ncb4 15.
Qe2 Qc7 16. Nd4 Nd3 1/2-1/2

[Event "GBR-ch85"]
[Site "Torquay"]
[Date "1998.07.30"]
[Round "4.14"]
[White "Lane, Gary William"]
[Black "Eames, Robert"]
[Result "1/2-1/2"]
[WhiteElo "2405"]
[BlackElo "2232"]
[PlyCount "63"]
[EventDate "1998.07.27"]
[EventType "swiss"]
[EventRounds "11"]
[EventCountry "GBR"]
[SourceTitle "BritBase"]
[Source "britbase.info"]
[SourceDate "2021.07.30"]
[SourceVersion "1"]
[SourceVersionDate "2021.07.30"]
[SourceQuality "1"]

1. e4 e5 2. Bc4 Nf6 3. d3 Nc6 4. Nf3 Be7 5. O-O O-O 6. Re1 d6 7. c3 Na5 8. Bb5
a6 9. Ba4 b5 10. Bc2 c5 11. Nbd2 Re8 12. Nf1 h6 13. h3 Bf8 14. d4 cxd4 15. cxd4
exd4 16. Nxd4 Bb7 17. Ng3 g6 18. Bf4 Qb6 19. b3 Rad8 20. Be3 d5 21. Nf3 Bc5 22.
Bxc5 Qxc5 23. exd5 Rxe1+ 24. Nxe1 Rxd5 25. Bd3 Nc6 26. Qc2 Qd4 27. Rd1 Nb4 28.
Qb1 Nxd3 29. Rxd3 Qe5 30. Rxd5 Bxd5 31. Nd3 Qd4 32. Qb2 1/2-1/2

[Event "GBR-ch85"]
[Site "Torquay"]
[Date "1998.07.30"]
[Round "4.16"]
[White "Pert, Nicholas"]
[Black "Moskovic, David M"]
[Result "1-0"]
[WhiteElo "2390"]
[BlackElo "2235"]
[PlyCount "69"]
[EventDate "1998.07.27"]
[EventType "swiss"]
[EventRounds "11"]
[EventCountry "GBR"]
[SourceTitle "BritBase"]
[Source "britbase.info"]
[SourceDate "2021.07.30"]
[SourceVersion "1"]
[SourceVersionDate "2021.07.30"]
[SourceQuality "1"]

1. d4 Nf6 2. Nf3 g6 3. g3 Bg7 4. Bg2 O-O 5. O-O d6 6. c4 Nbd7 7. Nc3 e5 8. e4
c6 9. h3 Qb6 10. c5 dxc5 11. dxe5 Ne8 12. e6 fxe6 13. Ng5 Ne5 14. f4 Nf7 15.
Nxf7 Bd4+ 16. Kh2 Rxf7 17. e5 Qc7 18. Ne4 b6 19. Ng5 Rf8 20. Qf3 Rb8 21. Qxc6
Qxc6 22. Bxc6 Ba6 23. Rd1 Be2 24. Rxd4 cxd4 25. Nxe6 d3 26. Nxf8 Rc8 27. Bxe8
Rxe8 28. Nd7 Rc8 29. Nf6+ Kf7 30. Kg1 Rc2 31. Ne4 h6 32. Kf2 Ke6 33. Ke3 Kd5
34. Bd2 Rxb2 35. Nc3+ 1-0

[Event "GBR-ch85"]
[Site "Torquay"]
[Date "1998.07.30"]
[Round "4.17"]
[White "Williams, Simon Kim"]
[Black "Ledger, David"]
[Result "1-0"]
[WhiteElo "2335"]
[BlackElo "2220"]
[PlyCount "89"]
[EventDate "1998.07.27"]
[EventType "swiss"]
[EventRounds "11"]
[EventCountry "GBR"]
[SourceTitle "BritBase"]
[Source "britbase.info"]
[SourceDate "2021.07.30"]
[SourceVersion "1"]
[SourceVersionDate "2021.07.30"]
[SourceQuality "1"]

1. c4 e5 2. Nc3 Nc6 3. Nf3 f5 4. d4 e4 5. Ng5 Nf6 6. h4 Bb4 7. e3 O-O 8. Bd2
Bxc3 9. Bxc3 d6 10. b4 Ng4 11. g3 Qe7 12. Qb3 Bd7 13. c5+ Kh8 14. Be2 Rae8 15.
Nh3 Nd8 16. Nf4 Ne6 17. h5 Nxf4 18. gxf4 h6 19. b5 Be6 20. d5 Bf7 21. Bxg4 fxg4
22. c6 bxc6 23. bxc6 Rb8 24. Qc4 Bg8 25. Ke2 Rf5 26. Rad1 Bf7 27. Qd4 Bxd5 28.
Rdg1 Rg8 29. Rxg4 Bxc6 30. Rhg1 Bb5+ 31. Ke1 Rf7 32. Rg6 Kh7 33. f5 Bd7 34. f6
Rxf6 35. Qxf6 gxf6 36. Rxg8 Be8 37. R8g4 c5 38. Kd2 Qf7 39. Kc1 Qc4 40. Kb2 Bf7
41. Rg7+ Kh8 42. Rg8+ Bxg8 43. Bxf6+ Kh7 44. Rg7+ Kh8 45. Rf7# 1-0

[Event "GBR-ch85"]
[Site "Torquay"]
[Date "1998.07.30"]
[Round "4.19"]
[White "Buckley, Simon"]
[Black "Dyce, Andrew"]
[Result "0-1"]
[WhiteElo "2120"]
[BlackElo "2295"]
[PlyCount "122"]
[EventDate "1998.07.27"]
[EventType "swiss"]
[EventRounds "11"]
[EventCountry "GBR"]
[SourceTitle "BritBase"]
[Source "britbase.info"]
[SourceDate "2021.07.30"]
[SourceVersion "1"]
[SourceVersionDate "2021.07.30"]
[SourceQuality "1"]

1. e4 c6 2. d4 d5 3. e5 c5 4. dxc5 Nc6 5. Bb5 e6 6. Qg4 Qc7 7. Be3 Qxe5 8. c3
Nf6 9. Qe2 Bd7 10. Nf3 Qc7 11. b4 a5 12. Bxc6 Bxc6 13. O-O Be7 14. Bd4 O-O 15.
Be5 Qc8 16. Nd4 Nd7 17. f4 Nxe5 18. fxe5 Bd7 19. Nd2 b6 20. cxb6 axb4 21. cxb4
Bxb4 22. Rab1 Rxa2 23. Rxb4 Qc3 24. Rfb1 Rxd2 25. Qf3 Rd3 26. Qf2 Rd1+ 27. Rxd1
Qxb4 28. Nc2 Qb2 29. Ra1 d4 30. Qxd4 Qxc2 31. Qxd7 Qc5+ 32. Kh1 Qxb6 33. Rd1
Qc5 34. Qd6 Qxd6 35. Rxd6 Rc8 36. Rd1 g5 37. Kg1 Rc5 38. Re1 Rc2 39. Re4 Kg7
40. g4 Kg6 41. h3 h5 42. Kf1 hxg4 43. hxg4 f5 44. exf6 Kxf6 45. Ke1 Rb2 46. Kf1
Rd2 47. Ke1 Rd5 48. Ke2 Re5 49. Ke3 Rxe4+ 50. Kxe4 Kf7 51. Kd4 Kf8 52. Ke4 Ke8
53. Kd4 Kd7 54. Ke5 Ke7 55. Kd4 Kd6 56. Ke4 e5 57. Kf5 Kd5 58. Kxg5 e4 59. Kh4
Kd4 60. Kg3 e3 61. g5 Kd3 0-1

[Event "GBR-ch85"]
[Site "Torquay"]
[Date "1998.07.30"]
[Round "4.20"]
[White "Holmes, Michael"]
[Black "Hunt, Adam"]
[Result "0-1"]
[WhiteElo "1999"]
[BlackElo "2265"]
[PlyCount "84"]
[EventDate "1998.07.27"]
[EventType "swiss"]
[EventRounds "11"]
[EventCountry "GBR"]
[SourceTitle "BritBase"]
[Source "britbase.info"]
[SourceDate "2021.07.30"]
[SourceVersion "1"]
[SourceVersionDate "2021.07.30"]
[SourceQuality "1"]

1. d4 Nf6 2. c4 g6 3. Nc3 Bg7 4. e4 O-O 5. f3 d6 6. Be3 a6 7. Qd2 c6 8. Nge2 b5
9. Nc1 Nbd7 10. Nb3 Rb8 11. Rd1 Qc7 12. cxb5 axb5 13. Rc1 Qa7 14. d5 c5 15.
Bxb5 Ba6 16. a4 Bxb5 17. axb5 Ne5 18. Ra1 Qc7 19. Qe2 Ra8 20. O-O Rfb8 21. Ra3
Rxa3 22. bxa3 Nfd7 23. a4 Ra8 24. f4 Ng4 25. Bd2 c4 26. Nc1 Bd4+ 27. Kh1 Ngf6
28. N1a2 Nb6 29. Qd1 Qc5 30. Qc2 Ng4 31. h3 Nf2+ 32. Kh2 Nd3 33. Rb1 g5 34. Ne2
Rxa4 35. Nac3 Ra3 36. Nd1 gxf4 37. Nxd4 Qxd4 38. Nc3 Qf2 39. Qd1 f3 40. Qxf3
Qxd2 41. Rf1 Qf4+ 42. Qxf4 Nxf4 0-1

[Event "GBR-ch85"]
[Site "Torquay"]
[Date "1998.07.30"]
[Round "4.21"]
[White "Basman, Michael John"]
[Black "Houska, Jovanka"]
[Result "1/2-1/2"]
[WhiteElo "2360"]
[BlackElo "2190"]
[PlyCount "96"]
[EventDate "1998.07.27"]
[EventType "swiss"]
[EventRounds "11"]
[EventCountry "GBR"]
[SourceTitle "BritBase Aug 2004"]

1. g4 d5 2. h3 e5 3. d3 c6 4. Nf3 Bd6 5. c4 Ne7 6. Nc3 Nd7 7. Bg2 h6 8. Qc2 Nb6
9. c5 Bxc5 10. Nxe5 Qc7 11. Nf3 Ng6 12. Bd2 Be6 13. e3 Qe7 14. Ne2 Nd7 15. Bc3
Bb4 16. Ng3 Bxc3+ 17. Qxc3 Qf6 18. Qb4 c5 19. Qxb7 Rb8 20. Qxa7 Qxb2 21. O-O
O-O 22. Rab1 Qxb1 23. Rxb1 Rxb1+ 24. Kh2 Rb2 25. Nf5 Rxf2 26. Kg3 Rb2 27. h4 h5
28. Ng5 Rfb8 29. Nxe6 R2b7 30. Qa4 fxe6 31. gxh5 Nge5 32. d4 Rb4 33. Qa5 Nc4
34. Qc7 R4b7 35. Qf4 Nf6 36. Nh6+ Kh7 37. Qg5 Nxh5+ 38. Qxh5 gxh6 39. Bf1 Rg7+
40. Kh3 Nb2 41. dxc5 Rf8 42. Bb5 Nc4 43. Bxc4 dxc4 44. Qe5 Rf3+ 45. Kh2 Rf2+
46. Kh3 Rf3+ 47. Kh2 Rf2+ 48. Kh3 Rf3+ 1/2-1/2

[Event "GBR-ch85"]
[Site "Torquay"]
[Date "1998.07.30"]
[Round "4.22"]
[White "Richards, Heather"]
[Black "Beaumont, Chris"]
[Result "1/2-1/2"]
[WhiteElo "2130"]
[BlackElo "2330"]
[PlyCount "48"]
[EventDate "1998.07.27"]
[EventType "swiss"]
[EventRounds "11"]
[EventCountry "GBR"]
[SourceTitle "BritBase"]
[Source "britbase.info"]
[SourceDate "2021.07.30"]
[SourceVersion "1"]
[SourceVersionDate "2021.07.30"]
[SourceQuality "1"]

1. e4 c5 2. c3 g6 3. d4 cxd4 4. cxd4 d5 5. exd5 Nf6 6. Nc3 Nxd5 7. Bb5+ Nc6 8.
Qa4 Nxc3 9. Bxc6+ bxc6 10. Qxc6+ Bd7 11. Qxc3 Bg7 12. Be3 O-O 13. Rd1 Bb5 14.
Ne2 Qd5 15. f3 Qxa2 16. Nc1 Qe6 17. Kf2 Rac8 18. Qb3 Rxc1 19. d5 Rxd1 20. dxe6
Rxh1 21. exf7+ Rxf7 22. Qxb5 Rb1 23. b4 Rb2+ 24. Kg3 a6 1/2-1/2

[Event "GBR-ch85"]
[Site "Torquay"]
[Date "1998.07.30"]
[Round "4.24"]
[White "Hanley, Craig"]
[Black "Smith, Andrew Philip"]
[Result "1/2-1/2"]
[WhiteElo "2010"]
[BlackElo "2290"]
[PlyCount "65"]
[EventDate "1998.07.27"]
[EventType "swiss"]
[EventRounds "11"]
[EventCountry "GBR"]
[SourceTitle "BritBase Aug 2004"]

1. c4 Nf6 2. Nc3 g6 3. g3 Bg7 4. Bg2 c5 5. e4 O-O 6. Nge2 d6 7. O-O Nc6 8. Rb1
Be6 9. d3 Qc8 10. a3 Bh3 11. b4 Bxg2 12. Kxg2 Qd7 13. b5 Nd4 14. Nxd4 cxd4 15.
Ne2 Ne8 16. a4 Nc7 17. f4 f5 18. Bb2 e5 19. Ba3 Rf6 20. c5 dxc5 21. fxe5 Rf7
22. Bxc5 Bxe5 23. Qb3 Ne6 24. Bb4 fxe4 25. dxe4 Rd8 26. Rxf7 Qxf7 27. Qd3 b6
28. Rf1 Qb7 29. Nf4 Bxf4 30. gxf4 Nc5 31. Bxc5 bxc5 32. f5 Kh8 33. fxg6 1/2-1/2

[Event "GBR-ch85"]
[Site "Torquay"]
[Date "1998.07.30"]
[Round "4.27"]
[White "Buckley, Melanie"]
[Black "Tebb, David"]
[Result "1/2-1/2"]
[WhiteElo "2005"]
[BlackElo "2250"]
[PlyCount "104"]
[EventDate "1998.07.27"]
[EventType "swiss"]
[EventRounds "11"]
[EventCountry "GBR"]
[SourceTitle "BritBase Aug 2004"]

1. e4 c5 2. Nc3 Nc6 3. g3 g6 4. Bg2 Bg7 5. d3 d6 6. Be3 Rb8 7. Qd2 b5 8. Nge2
b4 9. Nd1 e6 10. O-O Nd4 11. Nc1 Qa5 12. c3 bxc3 13. bxc3 Nc6 14. f4 Nge7 15.
Ne2 O-O 16. Nf2 Bd7 17. Rab1 Rb6 18. Rfd1 Nc8 19. Bf1 Rxb1 20. Rxb1 Nb6 21. Nd1
f5 22. Nc1 Na4 23. Ne2 Rd8 24. Rb3 Qc7 25. exf5 gxf5 26. h3 Nb6 27. c4 Be8 28.
Ndc3 a6 29. Bg2 Nd4 30. Rb1 Bc6 31. Bxd4 cxd4 32. Nd1 Bxg2 33. Kxg2 Na4 34. Ng1
Rb8 35. Qc2 Rxb1 36. Qxb1 Kf7 37. Nf3 h6 38. Qc2 Qa5 39. Qb3 Nc5 40. Qc2 Qa3
41. Nf2 Qb4 42. Qe2 Qb7 43. Kh2 Kg8 44. g4 fxg4 45. hxg4 Qf7 46. Kg3 e5 47. f5
d5 48. cxd5 Qxd5 49. Ne4 Nxe4+ 50. Qxe4 Qxe4 51. dxe4 Kf7 52. Kf2 Ke7 1/2-1/2

[Event "GBR-ch85"]
[Site "Torquay"]
[Date "1998.07.30"]
[Round "4.28"]
[White "Jackson, Adrian"]
[Black "Rendle, Thomas"]
[Result "1-0"]
[WhiteElo "2225"]
[BlackElo "1848"]
[PlyCount "101"]
[EventDate "1998.07.27"]
[EventType "swiss"]
[EventRounds "11"]
[EventCountry "GBR"]
[SourceTitle "BritBase"]
[Source "britbase.info"]
[SourceDate "2021.07.30"]
[SourceVersion "1"]
[SourceVersionDate "2021.07.30"]
[SourceQuality "1"]

1. e4 e6 2. d4 d5 3. e5 c5 4. c3 Qb6 5. Nf3 Nc6 6. a3 c4 7. Be2 Bd7 8. O-O
O-O-O 9. Nbd2 Na5 10. Rb1 Nb3 11. Nxb3 Ba4 12. Nfd2 Ne7 13. Qe1 Bxb3 14. Nxb3
Qxb3 15. Bd1 Qb6 16. b3 Nc6 17. b4 Ne7 18. a4 Qc7 19. f4 Nf5 20. g4 Ne7 21. f5
h5 22. fxe6 fxe6 23. gxh5 Nf5 24. Bg4 Qf7 25. Rb2 g6 26. Rg2 gxh5 27. Bxf5 exf5
28. Qf2 Be7 29. Qxf5+ Qxf5 30. Rxf5 Rdf8 31. Rxf8+ Rxf8 32. Bg5 Bxg5 33. Rxg5
Rf3 34. Rg3 Rf5 35. Kg2 Rf4 36. Rg5 Re4 37. e6 Rxe6 38. Rxd5 b6 39. Re5 Rg6+
40. Kf2 h4 41. Rh5 Rg4 42. Rh7 Kb8 43. d5 a6 44. Kf3 Rg1 45. Rxh4 b5 46. axb5
axb5 47. Ke4 Rc1 48. Kd4 Kb7 49. Rh7+ Kb6 50. Rh6+ Kc7 51. h4 1-0

[Event "GBR-ch85"]
[Site "Torquay"]
[Date "1998.07.30"]
[Round "4.29"]
[White "Stephenson, F Norman"]
[Black "Jackson, Sheila"]
[Result "1/2-1/2"]
[WhiteElo "2215"]
[BlackElo "2165"]
[PlyCount "38"]
[EventDate "1998.07.27"]
[EventType "swiss"]
[EventRounds "11"]
[EventCountry "GBR"]

1. d4 Nf6 2. c4 e6 3. Nc3 Bb4 4. e3 O-O 5. Bd3 d5 6. a3 Bxc3+ 7. bxc3 dxc4 8.
Bxc4 c5 9. Bd3 Nc6 10. Ne2 e5 11. Bb2 Bg4 12. f3 Be6 13. Kf2 Qb6 14. Qb1 Rfd8
15. Rd1 h6 16. a4 cxd4 17. cxd4 Nd5 18. Bh7+ Kh8 19. Be4 f6 1/2-1/2

[Event "GBR-ch85"]
[Site "Torquay"]
[Date "1998.07.30"]
[Round "4.30"]
[White "Morrison, Chris"]
[Black "Forbes, Cathy"]
[Result "1/2-1/2"]
[WhiteElo "2200"]
[BlackElo "2110"]
[PlyCount "28"]
[EventDate "1998.07.27"]
[EventType "swiss"]
[EventRounds "11"]
[EventCountry "GBR"]
[SourceTitle "BritBase"]
[Source "britbase.info"]
[SourceDate "2021.07.30"]
[SourceVersion "1"]
[SourceVersionDate "2021.07.30"]
[SourceQuality "1"]

1. e4 c5 2. Nc3 Nc6 3. g3 g6 4. Bg2 Bg7 5. d3 d6 6. Be3 Rb8 7. Qd2 b5 8. f4 b4
9. Nd1 Bg4 10. Nf3 Qd7 11. h3 Bxf3 12. Bxf3 Nd4 13. Bg2 Qa4 14. Bxd4 cxd4
1/2-1/2